Every AFl full forward -now- - Statistics

General Stats
  • This quiz has been taken 273 times
  • The average score is 10 of 18
Answer Stats
team Answer % Correct
sydney franklin
82%
west coast kennedy
79%
geelong hawkins
77%
st kilda riewoldt
77%
richmond riewoldt
77%
adelaide walker
77%
gws cameron
75%
essendon daniher
74%
port adelaide dixon
68%
north melb. brown
66%
gold coast lynch
66%
melbourne hogan
52%
carlton casboult
42%
western bdogs stringer
33%
collingwood moore
26%
fremantle mccarthy
17%
hawthorn vickery
9%
brisbane rockliff
5%
No matching quizzes found
Score Distribution
Percent of People with Each Score
Percentile by Number Answered
Your Score History
You have not taken this quiz